<A> Concise Dictionary of Business

Saved in:
Bibliographic Details
Format: Book
Language:English
Published: Oxford University Press 1990
Edition:1. ed.
Subjects:
Tags: Add Tag
No Tags, Be the first to tag this record!

MARC

LEADER 00000nam a2200000 4500
001 c005000
005 20221215113501.1
020 |a 0-19-211667-3 
041 0 |a eng 
044 |a GB 
245 1 0 |a <A> Concise Dictionary of Business 
250 |a 1. ed. 
264 1 |a Oxford  |b University Press  |c 1990 
300 |a 401 s. 
610 2 0 |a obchod 
610 2 0 |a podnikanie 
610 2 0 |a terminológia 
610 2 0 |a angličtina 
610 2 0 |a jazykoveda